[Event "Olympiad Women-45"]
[Site "Budapest"]
[Date "2024.09.14"]
[Round "4.30"]
[White "Bogachkova, Alena"]
[Black "Zhang, Jasmine Haomo"]
[Result "1-0"]
[WhiteElo "2179"]
[BlackElo "1956"]
[PlyCount "59"]
[EventDate "2024.09.11"]
[EventType "team-swiss"]
[EventRounds "11"]
[EventCountry "HUN"]
[SourceTitle "EXT 2025"]
[Source "ChessBase"]
[SourceDate "2024.10.14"]
[SourceVersion "1"]
[SourceVersionDate "2024.10.14"]
[SourceQuality "1"]
[WhiteTeam "Montenegro (W)"]
[BlackTeam "New Zealand (W)"]
[WhiteTeamCountry "MNE"]
[BlackTeamCountry "NZL"]

1. e4 c5 2. Nf3 d6 3. d4 cxd4 4. Qxd4 Nc6 5. Qd3 g6 6. Nc3 Bg7 7. Be2 Nf6 8. 0-0 0-0 9. Nd5 b6 10. c3 Nd7 11. Bg5 h6 12. Bh4 Re8 13. Rfd1 g5 14. Bg3 Nde5 15. Nxe5 Nxe5 16. Qd2 Be6 17. h4 gxh4 18. Bxh4 Ng6 19. Bg3 Qc8 20. a4 Qb7 21. f4 Bxd5 22. exd5 Nf8 23. Bb5 Rec8 24. Qe2 Qc7 25. Bf2 Nh7 26. Rd3 Kh8 27. Re1 Re8 28. Bxe8 Rxe8 29. Qh5 Qc4 30. Rd4 1-0

[Event "Olympiad Women-44"]
[Site "Chennai"]
[Date "2022.08.06"]
[Round "8.1"]
[White "Nilssen, Ellen Fredericia"]
[Black "Zhang, Jasmine Haomo"]
[Result "1-0"]
[WhiteElo "2142"]
[BlackElo "1972"]
[PlyCount "81"]
[EventDate "2022.07.29"]
[EventType "team-swiss"]
[EventRounds "11"]
[EventCountry "IND"]
[SourceTitle "CBM 210"]
[Source "ChessBase"]
[SourceDate "2022.10.31"]
[SourceVersion "1"]
[SourceVersionDate "2022.10.31"]
[SourceQuality "1"]
[WhiteTeam "Denmark (W)"]
[BlackTeam "New Zealand (W)"]
[WhiteTeamCountry "DEN"]
[BlackTeamCountry "NZL"]

1. d4 d5 2. c4 e6 3. Nc3 Be7 4. Nf3 Nf6 5. Bg5 Nbd7 6. e3 c6 7. Rc1 Ne4 8. Nxe4 dxe4 9. Bxe7 Qxe7 10. Nd2 f5 11. f4 Nf6 12. c5 Nd5 13. Nc4 0-0 14. Qd2 g5 15. g3 Rf7 16. Nd6 Rg7 17. Bc4 gxf4 18. gxf4 b5 19. Bxd5 exd5 20. Kd1 Be6 21. Kc2 Kh8 22. Rcg1 Rag8 23. Qf2 Rxg1 24. Rxg1 Rg6 25. Rxg6 hxg6 26. Qg3 Kh7 27. Qg5 Qxg5 28. fxg5 Kg7 29. Kd2 Kf8 30. b4 Ke7 31. Ke2 Bd7 32. Kf2 Be6 33. Kg3 Bd7 34. Kf4 Be6 35. h4 Bf7 36. h5 gxh5 37. Nxf5+ Kf8 38. Ke5 Bg6 39. Nh4 Be8 40. Kf6 Bd7 41. g6 1-0

[Event "Olympiad Women-44"]
[Site "Chennai"]
[Date "2022.08.02"]
[Round "5.1"]
[White "Zhang, Jasmine Haomo"]
[Black "Farrugia, Jamie"]
[Result "1-0"]
[WhiteElo "1972"]
[BlackElo "1547"]
[PlyCount "105"]
[EventDate "2022.07.29"]
[EventType "team-swiss"]
[EventRounds "11"]
[EventCountry "IND"]
[SourceTitle "CBM 210"]
[Source "ChessBase"]
[SourceDate "2022.10.31"]
[SourceVersion "1"]
[SourceVersionDate "2022.10.31"]
[SourceQuality "1"]
[WhiteTeam "New Zealand (W)"]
[BlackTeam "Malta (W)"]
[WhiteTeamCountry "NZL"]
[BlackTeamCountry "MLT"]

1. d4 d5 2. Bf4 Nf6 3. e3 c5 4. Nf3 Nc6 5. Nbd2 cxd4 6. exd4 Bg4 7. c3 e6 8. Qb3 Qc8 9. Bd3 Be7 10. 0-0 0-0 11. Ne5 Bh5 12. Qc2 Bd6 13. h3 Qc7 14. g4 Bg6 15. Nxg6 fxg6 16. Bxd6 Qxd6 17. Rae1 Qf4 18. Re3 Rac8 19. Qd1 e5 20. dxe5 Nxe5 21. Qe2 Rce8 22. Re1 Nexg4 23. hxg4 Nxg4 24. Nf1 Nxe3 25. Nxe3 Qg5+ 26. Kf1 Qh4 27. Qd2 Qh1+ 28. Ke2 Qf3+ 29. Kf1 h5 30. Bxg6 Re5 31. Bc2 h4 32. Bd1 Qg3 33. Ng4 Ref5 34. Qe3 Qd6 35. Qe6+ Qxe6 36. Rxe6 h3 37. Re3 h2 38. Rh3 g6 39. Nh6+ Kg7 40. Nxf5+ Rxf5 41. Rxh2 b6 42. Bc2 Rf6 43. Rg2 Kh6 44. Rxg6+ Rxg6 45. Bxg6 Kxg6 46. Ke2 Kf5 47. Ke3 Ke5 48. Kd3 b5 49. b3 a5 50. a3 Kd6 51. Kd4 Kc6 52. f4 Kd6 53. f5 1-0

[Event "Auckland Stuart Memorial op"]
[Site "Auckland"]
[Date "2022.06.25"]
[Round "4"]
[White "Zhang, Jasmine Haomo"]
[Black "McLaren, Leonard"]
[Result "1/2-1/2"]
[WhiteElo "1975"]
[BlackElo "2116"]
[PlyCount "89"]
[EventDate "2022.06.24"]
[EventType "swiss"]
[EventRounds "6"]
[EventCountry "NZL"]
[SourceTitle "EXT 2024"]
[Source "ChessBase"]
[SourceDate "2023.10.10"]
[SourceVersion "1"]
[SourceVersionDate "2023.10.10"]
[SourceQuality "1"]

1. d4 Nf6 2. Bf4 e6 3. e3 d5 4. Nd2 c5 5. c3 Nc6 6. Bd3 Bd6 7. Bg3 0-0 8. Ngf3 b6 9. Ne5 Bb7 10. f4 Ne7 11. Qf3 Nf5 12. Bf2 Be7 13. g4 Nd6 14. g5 Nfe4 15. Qh3 Rc8 16. Rg1 c4 17. Bc2 b5 18. a3 a5 19. Rg4 Nf5 20. Qg2 Nxd2 21. Kxd2 Rc7 22. h4 Bd6 23. h5 Bxe5 24. fxe5 Qe7 25. Rf4 g6 26. Rh1 Rd8 27. Rg4 Rdd7 28. Bg3 b4 29. axb4 axb4 30. Bxf5 exf5 31. Rgh4 bxc3+ 32. bxc3 Qa3 33. Rc1 Rc6 34. Rc2 Rb6 35. Ke2 Rb2 36. Kf3 Rxc2 37. Qxc2 Bc6 38. e6 fxe6 39. hxg6 Ba4 40. gxh7+ Rxh7 41. Qb1 Qb3 42. Qh1 Rxh4 43. Qxh4 Qd1+ 44. Kf4 Qg4+ 45. Qxg4 1/2-1/2

[Event "Auckland Stuart Memorial op"]
[Site "Auckland"]
[Date "2022.06.24"]
[Round "1"]
[White "Ha, Huy Minh"]
[Black "Zhang, Jasmine Haomo"]
[Result "0-1"]
[WhiteElo "1643"]
[BlackElo "1975"]
[PlyCount "66"]
[EventDate "2022.06.24"]
[EventType "swiss"]
[EventRounds "6"]
[EventCountry "NZL"]
[SourceTitle "EXT 2024"]
[Source "ChessBase"]
[SourceDate "2023.10.10"]
[SourceVersion "1"]
[SourceVersionDate "2023.10.10"]
[SourceQuality "1"]

1. e4 c5 2. c3 g6 3. d4 cxd4 4. cxd4 d5 5. e5 Bg7 6. Nf3 Bg4 7. Bb5+ Nc6 8. 0-0 Nh6 9. h3 Bxf3 10. Qxf3 0-0 11. Bxc6 bxc6 12. Nc3 Nf5 13. Rd1 e6 14. Qd3 f6 15. f4 fxe5 16. dxe5 Bh6 17. g4 Ne7 18. g5 Bg7 19. b3 c5 20. Rf1 Rc8 21. Bd2 Nf5 22. Rad1 h6 23. gxh6 Bxh6 24. Kh2 c4 25. bxc4 Rxc4 26. Rg1 Kh7 27. Rg4 Qc7 28. Nb5 Qc5 29. Nd6 Bxf4+ 30. Kh1 Rd4 31. Bxf4 Rxd3 32. Rxd3 Nxd6 33. exd6 Rxf4 0-1

[Event "George Trundle Qualifiers"]
[Site "Auckland"]
[Date "2020.01.12"]
[Round "9"]
[White "Metge, J Nigel"]
[Black "Zhang, Jasmine Haomo"]
[Result "1-0"]
[WhiteElo "1932"]
[BlackElo "2004"]
[PlyCount "107"]
[EventDate "2020.01.04"]
[EventType "tourn"]
[EventRounds "9"]
[EventCountry "NZL"]
[SourceTitle "EXT 2021"]
[Source "ChessBase"]
[SourceDate "2020.10.23"]
[SourceVersion "1"]
[SourceVersionDate "2020.10.23"]
[SourceQuality "1"]

1. d4 d5 2. c4 e6 3. Nc3 Nf6 4. Bg5 Be7 5. cxd5 exd5 6. e3 c6 7. Bd3 Nbd7 8. Qc2 0-0 9. Nge2 Re8 10. 0-0 Nf8 11. Rab1 g6 12. b4 a6 13. a4 Ne6 14. Bh4 Ng7 15. b5 axb5 16. axb5 Bf5 17. Bxf5 Nxf5 18. Bxf6 Bxf6 19. bxc6 bxc6 20. Na4 Ra6 21. Rfc1 Nd6 22. Nc5 Ra7 23. Ra1 Qa8 24. Nd7 Rxa1 25. Nxf6+ Kf8 26. Nxe8 Kxe8 27. Rxa1 Qxa1+ 28. Qc1 Qa4 29. Nf4 Nc4 30. Nd3 f6 31. h4 Qb3 32. Nc5 Qa2 33. Qd1 Ke7 34. Qg4 Qb1+ 35. Kh2 Qb8+ 36. g3 f5 37. Qg5+ Kf7 38. Qh6 Qg8 39. Nd3 Qg7 40. Qf4 Kf6 41. Qg5+ Ke6 42. Nc5+ Kf7 43. Qd8 Qf6 44. Qd7+ Qe7 45. Qxc6 Qd6 46. Qxd6 Nxd6 47. Kg2 Ke7 48. Kf3 Nf7 49. Kf4 h6 50. Nd3 Kf6 51. Nb4 Ke6 52. g4 g5+ 53. hxg5 hxg5+ 54. Kg3 1-0

[Event "North Island-ch"]
[Site "Wellington"]
[Date "2019.04.20"]
[Round "4"]
[White "Zhang, Jasmine Haomo"]
[Black "Sole, Michael D"]
[Result "0-1"]
[WhiteElo "1926"]
[BlackElo "1804"]
[PlyCount "62"]
[EventDate "2019.04.19"]
[EventType "swiss"]
[EventRounds "8"]
[EventCountry "NZL"]
[SourceTitle "EXT 2020"]
[Source "ChessBase"]
[SourceDate "2019.10.17"]
[SourceVersion "1"]
[SourceVersionDate "2019.10.17"]
[SourceQuality "1"]

1. d4 Nf6 2. c4 e6 3. Nc3 Bb4 4. e3 b6 5. Nf3 Ne4 6. Qc2 Bb7 7. Be2 0-0 8. 0-0 Bxc3 9. bxc3 f5 10. Rd1 d6 11. Ba3 Nd7 12. Rab1 Qe7 13. d5 e5 14. Nd2 Nec5 15. Nb3 Rad8 16. Bf1 Bc8 17. Re1 Rf6 18. f4 h6 19. g3 h5 20. Bh3 Nf8 21. fxe5 Qxe5 22. Nd4 Bd7 23. Re2 h4 24. Nf3 Qe4 25. Nxh4 Qxc4 26. Bxc5 dxc5 27. Rd2 Ba4 28. Qc1 Rxd5 29. Bf1 Qe4 30. Rf2 Rd1 31. Qxd1 Bxd1 0-1

[Event "NZL-ch op 126th"]
[Site "Auckland"]
[Date "2019.01.17"]
[Round "4"]
[White "Zhang, Jasmine Haomo"]
[Black "McLaren, Leonard"]
[Result "0-1"]
[WhiteElo "1883"]
[BlackElo "2184"]
[PlyCount "138"]
[EventDate "2019.01.14"]
[EventType "swiss"]
[EventRounds "9"]
[EventCountry "NZL"]
[SourceTitle "CBM 188 Extra"]
[Source "ChessBase"]
[SourceDate "2019.02.28"]
[SourceVersion "1"]
[SourceVersionDate "2019.02.28"]
[SourceQuality "1"]

1. d4 Nf6 2. c4 e6 3. Nc3 Bb4 4. e3 0-0 5. Nge2 Re8 6. g3 d5 7. cxd5 Qxd5 8. Rg1 Qh5 9. h3 c5 10. Bg2 Nc6 11. a3 cxd4 12. exd4 Ba5 13. g4 Qh4 14. Bf4 Nd5 15. Bg3 Qf6 16. Qd3 Bd7 17. f4 Rac8 18. g5 Qd8 19. Be4 g6 20. Kf1 Nce7 21. Kg2 Bc6 22. b4 Bb6 23. b5 Nxc3 24. bxc6 Nxe2 25. cxb7 Nxg1 26. bxc8Q Nxc8 27. Rxg1 Qxd4 28. Qxd4 Bxd4 29. Rd1 Bc5 30. Bc6 Rf8 31. a4 Ne7 32. Bb5 Nd5 33. Rd3 Rc8 34. Ba6 Rb8 35. Bb5 Rb6 36. Kf3 Kg7 37. Be1 a6 38. Bc4 Rb1 39. Bxd5 Rxe1 40. Bc4 Rf1+ 41. Kg3 a5 42. Rd7 Re1 43. Rd3 Bb6 44. Bb5 h6 45. gxh6+ Kxh6 46. Be8 f6 47. h4 Rg1+ 48. Kf3 Rf1+ 49. Kg4 f5+ 50. Kg3 Bc7 51. Rf3 Rg1+ 52. Kf2 Rg4 53. Bd7 Rxh4 54. Bxe6 Rxf4 55. Rxf4 Bxf4 56. Kf3 Be5 57. Bd7 Kg5 58. Be8 Kf6 59. Bc6 g5 60. Kf2 g4 61. Bd7 Bd4+ 62. Kg3 Kg5 63. Bc6 f4+ 64. Kg2 Kf6 65. Bd7 Kg5 66. Bc6 f3+ 67. Kg3 Be5+ 68. Kf2 Kf4 69. Kf1 g3 0-1

[Event "Olympiad Women-43"]
[Site "Batumi"]
[Date "2018.10.03"]
[Round "9.3"]
[White "Koljevic, Nikolina"]
[Black "Zhang, Jasmine Haomo"]
[Result "1/2-1/2"]
[WhiteElo "1898"]
[BlackElo "1899"]
[PlyCount "93"]
[EventDate "2018.09.24"]
[EventType "team-swiss"]
[EventRounds "11"]
[EventCountry "GEO"]
[SourceTitle "EXT 2020"]
[Source "ChessBase"]
[SourceDate "2019.10.17"]
[SourceVersion "1"]
[SourceVersionDate "2019.10.17"]
[SourceQuality "1"]
[WhiteTeam "Montenegro (W)"]
[BlackTeam "New Zealand (W)"]
[WhiteTeamCountry "MNE"]
[BlackTeamCountry "NZL"]

1. e4 c5 2. Nf3 d6 3. d4 cxd4 4. Qxd4 Nc6 5. Bb5 Bd7 6. Bxc6 Bxc6 7. Nc3 e6 8. Bg5 Qc7 9. 0-0-0 b5 10. Qd3 a6 11. Rhe1 f6 12. Be3 Kf7 13. Bf4 e5 14. Nd5 Qb7 15. Be3 Ne7 16. Nxe7 Qxe7 17. Nd2 Qe6 18. Qb3 Qxb3 19. axb3 d5 20. exd5 Bxd5 21. f3 Rc8 22. Kb1 Be7 23. Ne4 Rhd8 24. Bb6 Rd7 25. Nc3 Bb4 26. Re3 Be6 27. Rxd7+ Bxd7 28. Rd3 Bf5 29. Ne4 Rc6 30. Be3 Ke6 31. Bd2 Be7 32. g4 Bg6 33. Be3 h5 34. h3 f5 35. gxf5+ Bxf5 36. Rd2 g6 37. Rg2 Kf7 38. Rh2 Bh4 39. Bf2 Be7 40. h4 Ke6 41. Be3 Rc8 42. Ng5+ Kf6 43. f4 Bd6 44. Rd2 Rc6 45. fxe5+ Bxe5 46. Nf3 Ke6 47. Nxe5 1/2-1/2